Rozvoj e-bankingu na Slovensku bakalárska práca

Gespeichert in:
Bibliographische Detailangaben
1. Verfasser: Jurkovičová, Ivona
Körperschaft: Národohospodárska fakulta EU. Katedra bankovníctva a medzinárodných financií
Weitere Verfasser: Moravová, Julianna
Format: Buch
Sprache:Slowakisch
Veröffentlicht: Bratislava 2009
Tags: Tag hinzufügen
Keine Tags, Fügen Sie das erste Tag hinzu!

MARC

LEADER 00000nam$a2200000$$$4500
001 0100166
005 20240319123359.8
041 0 |a slo 
044 |a SK 
245 1 0 |a Rozvoj e-bankingu na Slovensku  |b bakalárska práca  |c Ivona Jurkovičová ; škol. Julianna Moravová 
264 1 |a Bratislava  |c 2009 
300 |a 43 s. 
100 1 |a Jurkovičová, Ivona 
700 1 |a Moravová, Julianna 
710 2 |a Národohospodárska fakulta EU. Katedra bankovníctva a medzinárodných financií